| 000 | 01808nam a2200517 i 4500 | ||
|---|---|---|---|
| 001 | 24416 | ||
| 003 | KOSZ 005 | ||
| 005 | 20200512131132.0 | ||
| 008 | 200512s1994 pl a f 001 0 pol | ||
| 015 | _aUWD 1994/8506 | ||
| 020 | _a8390123711 | ||
| 035 | _a991000639749705066 | ||
| 035 | _a(PL-WaBN)b10211986-48omnis_nlop | ||
| 035 | _ab10211986 | ||
| 035 | _a(OCoLC)749880217 | ||
| 035 | _a(PL)b0000001021198 | ||
| 035 | _a(EXLNZ-48OMNIS_NETWORK)9910059238705606 | ||
| 040 |
_aWA N _cWA N _dKOSZ 005/AR |
||
| 041 | 1 |
_apol _heng |
|
| 080 | _a004 | ||
| 080 | _a004.451 | ||
| 080 | _a(07) | ||
| 100 | 1 |
_aPrata, Stephen _eAutor |
|
| 245 | 1 | 0 |
_aBiblia systemu UNIX V : _bpolecenia i programy użytkowe / _cStephen Prata, Donald Martin ; z angielskiego przełożył Mariusz Ostrowski. |
| 246 | 1 |
_iTytuł oryginału: _aWaite Group's UNIX system V Bible, |
|
| 260 |
_aWarszawa : _bLT&P, _c1994. |
||
| 300 |
_aIX, 458 stron : _bilustracje ; _c24 cm. |
||
| 336 |
_aTekst _btxt _2rdacontent |
||
| 337 |
_aBez urządzenia pośredniczącego _bn _2rdamedia |
||
| 338 |
_aWolumin _bnc _2rdacarrier |
||
| 380 | _aKsiążki | ||
| 388 | _a1901-2000 | ||
| 388 | _a1989-2000 | ||
| 500 | _aTytuł oryginału: The Waite Group's UNIX system V Bible, 1987. | ||
| 504 | _aIndeks. | ||
| 650 | 7 |
_aSystemy operacyjne _2DBN |
|
| 650 | 7 |
_aUNIX _2DBN |
|
| 655 | 7 |
_aPodręcznik _2DBN |
|
| 658 | _aInformatyka i technologie informacyjne | ||
| 700 | 1 |
_aMartin, Donald _eAutor |
|
| 700 | 1 |
_aOstrowski, Mariusz _eTłumaczenie |
|
| 710 |
_4pbl _aLT&P |
||
| 856 |
_ukohabib.tu.koszalin.pl/cgi-bin/koha/cataloguing/addbiblio.pl?biblionumber=24416&z3950=1&frameworkcode=KS&breedingid=103362 _yKatalog online BPK |
||
| 942 |
_2UKD _cKS |
||
| 999 |
_c24416 _d24416 |
||